000 00576nam a2200181Ia 4500
008 100920s9999 xx 000 0 und d
082 _b75378
_a24 न 00
100 _aशेंडे अवधूत वि.
245 _aआता सभा गाजवा.
260 _bमनोरमा प्रकाशन, मुंबई 14.
_c2000
300 _a123
_bसाधी
365 _b40
520 _aसायो.
630 _aआता सभा गाजवा.
650 _aसायो.
730 _aआता सभा गाजवा.
942 _cBOOK
999 _c716894
_d716891